MARC

LEADER 00000nab a2200000 a 4500
001 vtls011424972
003 SK-MaSNL
005 20260318114344.0
008 151127c2015 xo mr p 000 c0ukr
015 |a SNBRB2015/11 
038 |a SVKPOCL 
040 |a SVKPOCL  |b slo  |c SVKPOCL  |e AACR2 
041 0 |a ukr 
044 |a xo  |c SK 
080 |a 80(=16)+908(4)  |2 2011 
080 |a 80(=161.25)+908(437.6)  |2 2011 
080 |a 316.022.4(=161.25)(437.6)  |2 2011 
080 |a 533.6.074  |2 2011 
080 |a 314.151.1  |2 2011 
100 1 |a Kuzmiaková, Anna,  |d 1949-  |4 aut  |9 210981 
245 1 0 |a 35-ŷj rik od vŷseljinja žŷteljiv semoch sel Staryn'skoj dolynŷ  |c Anna Kuzmjakova ; [virš] Ju. Kolynčak 
246 3 |a Tridsťpäť okov od vysídlenia obyvateľov siedmich obcí Starinskej doliny 
246 3 |a Tridcjat' pjatyj rik od vŷseljinja žŷteljiv semoch sel Staryn'skoj dolynŷ 
300 |b Fotogr. 
500 |a Kuzmjakova, Anna pozri Kuzmiaková, Anna 
500 |a Kolynčak, Ju. pozri Kolinčák, Juraj 
648 7 |a 1980  |2 svkpocl  |9 279231 
650 0 7 |a Rusíni  |z Slovensko  |2 svkpocl  |9 336690 
650 0 7 |a slavistika  |2 svkpocl  |9 4282 
650 0 7 |a rusinistika  |2 svkpocl  |9 90871 
650 0 7 |a vodné nádrže  |2 svkpocl  |9 4190 
650 0 7 |a nútené vysťahovanie  |2 svkpocl  |9 997 
651 7 |a Starina (Snina, Slovensko : zaniknutá obec)  |2 SNKPHgeo  |9 157546 
651 7 |a Dara (Slovensko : zaniknutá obec)  |2 svkpocl  |9 23783 
651 7 |a Ruské (Slovensko : zaniknutá obec)  |2 svkpocl  |9 51229 
651 7 |a Veľká Poľana (Slovensko : zaniknutá obec)  |2 svkpocl  |9 59832 
651 7 |a Zvala (Slovensko : zaniknutá obec)  |2 svkpocl  |9 89500 
651 7 |a Ostružnica (Slovensko)  |2 svkpocl  |9 1624226 
651 7 |a Snina (Slovensko : okres)  |2 svkpocl  |9 56337 
651 7 |a Smolník (Snina, Slovensko : zaniknutá obec)  |2 SNKPHgeo  |9 192509 
655 7 |a články z novín a časopisov  |2 svkpocl  |9 267496 
700 1 |a Kolinčák, Juraj,  |d 1909-1984  |4 oth  |9 61097 
773 0 |t Narodnŷ novynkŷ  |g Roč. XXV, č. 9 (2015), s. 3  |x 1339-5505 
852 |a SVKPO  |b KIS3GCP 
856 4 1 |u http://narodny-novynky.presov.sk 
856 4 1 |u http://www. rusynacademy.sk 
958 |a RN 
958 |a SK 
958 |a SS 
999 |c 3350722  |d 3352652